000 01378nam a22003977a 4500
001 BR2015002103
003 BR-BrBNA
005 20230928104611.0
007 ta
008 230509b bl.||||| |||| 00| 0 por d
040 _aBR-BrBNA
_bpor
_cBiblioteca Nacional de Agricultura
041 _a(Por)
072 _aH01; H10
_b2110
_b1190
090 _ 2110 BR2015002103
100 1 _aCunha, M.L.A.
110 1 _aUniversidade Federal Rural da Amazônia, Belém, PA (Brasil)
_0Tese (Doutorado em Ciências Agrárias)
_911201
110 1 _aEmpresa Brasileira de Pesquisa Agropecuária, Belém, PA (Brasil)
_0Tese (Doutorado em Ciências Agrárias)
_93832
245 1 _aDelimitação, dispersão e genética de Conotrachelus humeropictus Fiedler, 1940 (Coleoptera: Curculionidae)e ações em Defesa Sanitária Vegetal
260 3 _aBelém, PA (Brasil):
_c2014.
300 _a134 p.
500 _aBibliography p. 91-102; Summaries (Eng, Por); 33 illus.; 44 tables.;
650 _aDISPERSÃO
650 _aGENÉTICA
650 _aDISTRIBUIÇÃO GEOGRÁFICA
650 _aCACAU
650 _aCUPUAÇU
650 _aPARÁ
650 _aAMAZÔNIA
650 _aCONTROLE INTEGRADO
650 _aPRAGA DE PLANTA
650 _aCOLEOPTERA
650 _aTHEOBROMA GRANDIFLORUM
650 _aTHEOBROMA CACAO
909 _a202309
_bLucia
_c55
_dLucia Elande
942 _cBK
999 _c80779
_d80779